[Event "SB-2011-0-00161"]
[Site "LSS email"]
[Date "2011.06.15"]
[Round "?"]
[White "Bulgarini Torre, Marco"]
[Black "McKenzie, Duncan"]
[Result "1/2-1/2"]
[WhiteElo "1925"]
[BlackElo "1928"]
[PlyCount "35"]
[EventDate "2011.05.31"]
[EventType "tourn (corr)"]
[EventRounds "6"]
[EventCountry "GER"]
[SourceTitle "Telechess CBM 157"]
[Source "ChessBase"]
[SourceDate "2013.11.12"]
[SourceVersion "1"]
[SourceVersionDate "2013.11.12"]
[SourceQuality "1"]

1. e4 c5 2. Nc3 Nc6 3. g3 g6 4. Bg2 Bg7 5. d3 d6 6. Be3 Rb8 7. Qd2 b5 8. Nge2 b4 9. Nd1 Nd4 10. 0-0 e5 11. c3 bxc3 12. bxc3 Nxe2+ 13. Qxe2 Ne7 14. h4 0-0 15. h5 Be6 16. c4 Nc6 17. h6 Bf6 18. Qd2 1/2-1/2

[Event "SB-2011-0-00161"]
[Site "LSS email"]
[Date "2011.06.15"]
[Round "?"]
[White "Herzog, Klaus"]
[Black "McKenzie, Duncan"]
[Result "0-1"]
[WhiteElo "1789"]
[BlackElo "1928"]
[PlyCount "48"]
[EventDate "2011.05.31"]
[EventType "tourn (corr)"]
[EventRounds "6"]
[EventCountry "GER"]
[SourceTitle "Telechess CBM 157"]
[Source "ChessBase"]
[SourceDate "2013.11.12"]
[SourceVersion "1"]
[SourceVersionDate "2013.11.12"]
[SourceQuality "1"]

1. d4 Nf6 2. c4 e6 3. Nc3 Bb4 4. f3 d5 5. a3 Bxc3+ 6. bxc3 c5 7. cxd5 Nxd5 8. dxc5 Qa5 9. e4 Nf6 10. Be3 0-0 11. Kf2 Bd7 12. a4 Bc6 13. Bb5 Rd8 14. Qb3 Nbd7 15. Ne2 Bxe4 16. Bxd7 Rxd7 17. Qb5 Qd8 18. fxe4 Ng4+ 19. Kf3 a6 20. Qb1 Rd3 21. Kxg4 Rxe3 22. Nd4 h5+ 23. Kxh5 Qf6 24. g3 Rd8 0-1

[Event "SB-2011-0-00161"]
[Site "LSS email"]
[Date "2011.06.15"]
[Round "?"]
[White "McKenzie, Duncan"]
[Black "Morcin, Tom"]
[Result "1/2-1/2"]
[WhiteElo "1928"]
[BlackElo "1932"]
[PlyCount "93"]
[EventDate "2011.05.31"]
[EventType "tourn (corr)"]
[EventRounds "6"]
[EventCountry "GER"]
[SourceTitle "Telechess CBM 157"]
[Source "ChessBase"]
[SourceDate "2013.11.12"]
[SourceVersion "1"]
[SourceVersionDate "2013.11.12"]
[SourceQuality "1"]

1. e4 c5 2. Nf3 d6 3. d4 cxd4 4. Nxd4 Nf6 5. Nc3 a6 6. Be3 e5 7. Nb3 Be6 8. Qd2 Be7 9. f3 0-0 10. 0-0-0 Nbd7 11. g4 b5 12. g5 Nh5 13. Nd5 Bxd5 14. exd5 f6 15. gxf6 Rxf6 16. Kb1 Qe8 17. Rg1 Kh8 18. Na5 Bd8 19. Nc6 Bb6 20. Bxb6 Nxb6 21. Bd3 Nxd5 22. Be4 Ndf4 23. Nxe5 dxe5 24. Bxa8 Qxa8 25. Qd8+ Rf8 26. Qxa8 Rxa8 27. Rg5 Nf6 28. Rxe5 Kg8 29. Rd6 Kf7 30. b4 h5 31. Kb2 Ng6 32. Rc5 Ra7 33. a4 bxa4 34. Ka3 Nh4 35. Rd3 Re7 36. Kxa4 Re1 37. Rc7+ Kg6 38. c4 Ng2 39. Rc6 Rc1 40. Rb3 Ne1 41. Ka5 Nc2 42. Rd6 Na1 43. Rb2 Rxc4 44. Kxa6 Nc2 45. b5 Ra4+ 46. Kb7 Nd4 47. b6 1/2-1/2

[Event "LSS No Engine Cup 30 Final"]
[Site "LSS email"]
[Date "2011.05.27"]
[Round "?"]
[White "Aberbach Peltzman, Angel Sergio"]
[Black "McKenzie, Duncan"]
[Result "0-1"]
[WhiteElo "1907"]
[BlackElo "1928"]
[PlyCount "42"]
[EventDate "2011.05.28"]
[EventType "tourn (corr)"]
[EventRounds "6"]
[EventCountry "GER"]
[SourceTitle "Telechess CBM 155"]
[Source "ChessBase"]
[SourceDate "2013.07.16"]
[SourceVersion "1"]
[SourceVersionDate "2013.07.16"]
[SourceQuality "1"]

1. d4 Nf6 2. Bg5 g6 3. Bxf6 exf6 4. e3 Bg7 5. g3 0-0 6. Bg2 f5 7. Ne2 c6 8. c4 d6 9. Nbc3 Re8 10. 0-0 Nd7 11. b4 Nf6 12. Rb1 a6 13. Rb2 Bd7 14. a4 Qe7 15. a5 Rab8 16. Qd3 h5 17. h4 Bh6 18. Bf3 Ne4 19. Nf4 Kh7 20. Rc1 Nxc3 21. Qxc3 Rec8 0-1

[Event "RB-2011-0-00113"]
[Site "LSS email"]
[Date "2011.05.04"]
[Round "?"]
[White "McKenzie, Duncan"]
[Black "Massie, James"]
[Result "1-0"]
[WhiteElo "1848"]
[BlackElo "1833"]
[PlyCount "47"]
[EventDate "2011.03.28"]
[EventType "tourn (corr)"]
[EventRounds "6"]
[EventCountry "GER"]
[SourceTitle "Telechess CBM 147"]
[Source "ChessBase"]
[SourceDate "2012.03.16"]
[SourceVersion "1"]
[SourceVersionDate "2012.03.16"]
[SourceQuality "1"]

1. e4 e5 2. Nf3 Nc6 3. Bb5 d6 4. d4 Bd7 5. d5 Nb4 6. Bxd7+ Qxd7 7. c4 Be7 8. Nc3 Nf6 9. a3 Na6 10. 0-0 0-0 11. h3 c6 12. Be3 Rfc8 13. Qd3 cxd5 14. exd5 Ne8 15. b4 f5 16. Qe2 Bf6 17. Rad1 Qc7 18. c5 e4 19. Nd4 Bxd4 20. Nb5 Qf7 21. Nxd4 dxc5 22. Ne6 cxb4 23. Ng5 Nf6 24. Nxf7 1-0

[Event "RB-2011-0-00113"]
[Site "LSS email"]
[Date "2011.04.28"]
[Round "?"]
[White "McKenzie, Duncan"]
[Black "Sherwood, Russell"]
[Result "1/2-1/2"]
[WhiteElo "1848"]
[BlackElo "1796"]
[PlyCount "54"]
[EventDate "2011.03.28"]
[EventType "tourn (corr)"]
[EventRounds "6"]
[EventCountry "GER"]
[SourceTitle "Telechess CBM 147"]
[Source "ChessBase"]
[SourceDate "2012.03.16"]
[SourceVersion "1"]
[SourceVersionDate "2012.03.16"]
[SourceQuality "1"]

1. e4 c5 2. Nf3 d6 3. d4 cxd4 4. Nxd4 Nf6 5. Nc3 a6 6. Be3 e5 7. Nf3 Be7 8. Bc4 0-0 9. 0-0 Nc6 10. h3 Be6 11. Bb3 Na5 12. Bxe6 fxe6 13. Qd3 Rc8 14. Rad1 b5 15. a4 Nc4 16. Bc1 b4 17. Ne2 d5 18. Ng5 Qd7 19. Ng3 Bc5 20. b3 Nd6 21. Be3 d4 22. Bd2 a5 23. f4 exf4 24. Bxf4 h6 25. Nf3 Nfxe4 26. Ne5 Qb7 27. Nxe4 Nxe4 1/2-1/2

[Event "LSS CP-2009-P-00071"]
[Site "LSS email"]
[Date "2009.09.27"]
[Round "?"]
[White "Orsolic, Marijan"]
[Black "McKenzie, Duncan"]
[Result "1/2-1/2"]
[WhiteElo "2129"]
[BlackElo "1749"]
[PlyCount "72"]
[EventDate "2009.10.01"]
[EventType "tourn (corr)"]
[EventRounds "6"]
[EventCountry "GER"]
[SourceTitle "Telechess CBM 141"]
[Source "ChessBase"]
[SourceDate "2011.03.17"]
[SourceVersion "1"]
[SourceVersionDate "2011.03.17"]
[SourceQuality "1"]

1. e4 c5 2. c3 Nf6 3. e5 Nd5 4. d4 cxd4 5. cxd4 d6 6. Nf3 e6 7. Bc4 Nc6 8. 0-0 Be7 9. Qe2 0-0 10. a3 Bd7 11. Qe4 Na5 12. Ba2 Rc8 13. Nbd2 Ba4 14. Bb1 g6 15. h4 Qc7 16. h5 Rfd8 17. Qg4 Bc2 18. Bxc2 Qxc2 19. b4 Nc6 20. Ne4 dxe5 21. dxe5 Qe2 22. Bd2 Nd4 23. Rad1 Nxf3+ 24. gxf3 Kh8 25. Rfe1 Qc4 26. Bg5 gxh5 27. Qxh5 Rg8 28. Kh1 Qc7 29. Bxe7 Qxe7 30. Nd6 Rc7 31. Rg1 Rg6 32. Rd4 Qf8 33. Rh4 Rxg1+ 34. Kxg1 f5 35. exf6 Nxf6 36. Qe5 Rc1+ 1/2-1/2

[Event "LSS CP-2008-P-00045"]
[Site "LSS email"]
[Date "2008.10.01"]
[Round "?"]
[White "Weber, Karlheinz"]
[Black "McKenzie, Duncan"]
[Result "0-1"]
[WhiteElo "2291"]
[BlackElo "1506"]
[PlyCount "86"]
[EventDate "2008.10.01"]
[EventType "tourn (corr)"]
[EventRounds "6"]
[EventCountry "GER"]
[SourceTitle "Corr 2011"]
[Source "ChessBase"]
[SourceDate "2010.08.31"]
[SourceVersion "1"]
[SourceVersionDate "2010.08.31"]
[SourceQuality "1"]

1. d4 Nf6 2. c4 e6 3. Nc3 Bb4 4. e3 c5 5. Bd3 Nc6 6. Nf3 Bxc3+ 7. bxc3 d6 8. 0-0 e5 9. Nd2 0-0 10. d5 Ne7 11. Qc2 g6 12. e4 Nh5 13. Nf3 Kg7 14. Rb1 b6 15. Be3 h6 16. Be2 f5 17. exf5 Nxf5 18. Bd3 g5 19. Nd2 Nf4 20. Bxf4 gxf4 21. Kh1 Qe7 22. a4 Kh8 23. Rg1 Bd7 24. Ne4 Rf7 25. Ra1 Rg8 26. a5 bxa5 27. Rxa5 Bc8 28. g3 h5 29. Raa1 Nh6 30. f3 fxg3 31. Qd2 Qf8 32. Nxg3 Bg4 33. Be2 Rxf3 34. Raf1 h4 35. Ne4 Rxf1 36. Rxf1 Qxf1+ 37. Bxf1 Bf3+ 38. Bg2 Bxg2+ 39. Qxg2 Rxg2 40. Kxg2 Nf5 41. Kf1 a5 42. Ke2 Ng3+ 43. hxg3 h3 0-1

[Event "LSS OP-2008-0-00555"]
[Site "LSS email"]
[Date "2008.06.11"]
[Round "?"]
[White "McKenzie, Duncan"]
[Black "Weiss, Frederic J Marie"]
[Result "1-0"]
[WhiteElo "1476"]
[BlackElo "1224"]
[PlyCount "67"]
[EventDate "2008.06.09"]
[EventType "tourn (corr)"]
[EventRounds "4"]
[EventCountry "GER"]
[SourceTitle "Corr 2011"]
[Source "ChessBase"]
[SourceDate "2010.08.31"]
[SourceVersion "1"]
[SourceVersionDate "2010.08.31"]
[SourceQuality "1"]

1. e4 d5 2. exd5 Qxd5 3. Nc3 Qa5 4. d4 Nf6 5. Nf3 Bg4 6. h3 Bxf3 7. Qxf3 c6 8. Bd2 Qc7 9. 0-0-0 e6 10. Kb1 Nbd7 11. g4 Bb4 12. g5 Bxc3 13. Bxc3 Nd5 14. Bd2 0-0 15. Bd3 f5 16. c4 N5b6 17. Rhe1 Rae8 18. Bf4 Qc8 19. Qe3 c5 20. Bd6 Rf7 21. f4 cxd4 22. Qxd4 Nb8 23. c5 Nc6 24. Qg1 Nd5 25. Bc4 a6 26. Qg2 Na5 27. Bxd5 exd5 28. Qxd5 Rxe1 29. Rxe1 Nc6 30. h4 g6 31. h5 Qd7 32. h6 a5 33. Qb3 Nd4 34. Qxb7 1-0

[Event "LSS OP-2008-0-00555"]
[Site "LSS email"]
[Date "2008.06.11"]
[Round "?"]
[White "Munoz Sanchez, Emilio Josep"]
[Black "McKenzie, Duncan"]
[Result "0-1"]
[WhiteElo "1829"]
[BlackElo "1476"]
[PlyCount "52"]
[EventDate "2008.06.09"]
[EventType "tourn (corr)"]
[EventRounds "4"]
[EventCountry "GER"]
[SourceTitle "Corr 2011"]
[Source "ChessBase"]
[SourceDate "2010.08.31"]
[SourceVersion "1"]
[SourceVersionDate "2010.08.31"]
[SourceQuality "1"]

1. d4 Nf6 2. c4 e6 3. Nc3 Bb4 4. e3 0-0 5. Nf3 b6 6. Be2 Bb7 7. a3 Bxc3+ 8. bxc3 Ne4 9. Qc2 d6 10. d5 exd5 11. cxd5 Bxd5 12. c4 Bb7 13. Bd3 f5 14. 0-0 Nd7 15. Nd4 Ndc5 16. f3 Nxd3 17. Qxd3 Nc5 18. Qc2 Qf6 19. Bb2 Rae8 20. Rae1 Qf7 21. e4 fxe4 22. fxe4 Qh5 23. Rxf8+ Rxf8 24. Nf3 Rf4 25. e5 Bxf3 26. gxf3 Qxf3 0-1

[Event "CFriend CP.2005.P.00047"]
[Site "Chessfriend.com"]
[Date "2005.10.01"]
[Round "?"]
[White "Komissarov, Yaroslav"]
[Black "McKenzie, Duncan"]
[Result "1-0"]
[WhiteElo "2166"]
[BlackElo "1363"]
[PlyCount "93"]
[EventDate "2005.10.01"]
[EventType "tourn (corr)"]
[EventRounds "1"]
[SourceTitle "Corr 2008"]
[Source "ChessBase"]
[SourceDate "2008.06.24"]
[SourceVersion "1"]
[SourceVersionDate "2008.06.24"]
[SourceQuality "1"]

1. e4 c5 2. Nc3 Nc6 3. Nf3 Nf6 4. Bb5 Qc7 5. 0-0 Nd4 6. Re1 a6 7. Bf1 e5 8. Nd5 Nxf3+ 9. Qxf3 Nxd5 10. exd5 d6 11. c3 Be7 12. d4 0-0 13. Qg3 f5 14. dxe5 dxe5 15. Rxe5 Bd6 16. f4 Bxe5 17. fxe5 c4 18. b3 cxb3 19. axb3 Re8 20. Bf4 Qb6+ 21. Kh1 Qxb3 22. Bh6 Re7 23. Qg5 Qxd5 24. Qxe7 gxh6 25. Ra4 Be6 26. Rd4 Qc6 27. Rd6 Re8 28. Qf6 Qc8 29. Qxh6 Bf7 30. h4 Qxc3 31. e6 Bg6 32. h5 Qg7 33. Qxg7+ Kxg7 34. hxg6 hxg6 35. Rd7+ Kf6 36. Rxb7 Rxe6 37. Ra7 g5 38. Kh2 g4 39. Kg3 Kg5 40. Rg7+ Kf6 41. Rg8 a5 42. Kh4 Ke5 43. Kg5 Ke4 44. Rd8 f4 45. Kxg4 Re7 46. Bb5 Rg7+ 47. Kh5 1-0

[Event "IECG CP.2003.P.00042 email"]
[Site "IECG email"]
[Date "2003.10.01"]
[Round "?"]
[White "Hallengren, Boris"]
[Black "McKenzie, Duncan"]
[Result "1/2-1/2"]
[WhiteElo "2260"]
[BlackElo "1293"]
[PlyCount "57"]
[EventDate "2003.10.01"]
[EventType "tourn (corr)"]
[EventRounds "6"]
[EventCountry "AUS"]
[SourceTitle "Corr 2008"]
[Source "ChessBase"]
[SourceDate "2008.06.24"]
[SourceVersion "1"]
[SourceVersionDate "2008.06.24"]
[SourceQuality "1"]

1. e4 c5 2. Nf3 Nc6 3. Bb5 g6 4. 0-0 Bg7 5. Re1 e5 6. Bxc6 bxc6 7. c3 Ne7 8. d4 cxd4 9. cxd4 exd4 10. e5 c5 11. Qc2 Bb7 12. Nbd2 0-0 13. Qxc5 Nf5 14. Ne4 Bxe4 15. Rxe4 d6 16. exd6 Qxd6 17. Qxd6 Nxd6 18. Re7 Rfe8 19. Rxe8+ Rxe8 20. Bf4 Nc4 21. b3 Nb2 22. Kf1 Nd3 23. Bd2 Rc8 24. Rb1 a6 25. b4 Ne5 26. Nxe5 Bxe5 27. b5 axb5 28. Rxb5 Rc2 29. Rxe5 1/2-1/2

[Event "IECG CP.2001.P.00045"]
[Site "IECG email"]
[Date "2001.10.02"]
[Round "?"]
[White "McKenzie, Duncan"]
[Black "Manisse, Pierre Damien"]
[Result "1-0"]
[WhiteElo "1133"]
[BlackElo "1740"]
[PlyCount "43"]
[EventDate "2001.10.01"]
[EventType "tourn (corr)"]
[EventRounds "6"]
[SourceTitle "Corr 2008"]
[Source "ChessBase"]
[SourceDate "2008.06.24"]
[SourceVersion "1"]
[SourceVersionDate "2008.06.24"]
[SourceQuality "1"]

1. e4 c6 2. d4 d5 3. Nd2 dxe4 4. Nxe4 Bf5 5. Ng3 Bg6 6. Bc4 e6 7. N1e2 Nf6 8. 0-0 Bd6 9. f4 0-0 10. f5 exf5 11. Nxf5 Bxf5 12. Rxf5 Qc7 13. Rxf6 Bxh2+ 14. Kh1 gxf6 15. g3 Bxg3 16. Qg1 Kh8 17. Qxg3 Qxg3 18. Nxg3 b5 19. Bd3 Nd7 20. Be4 Rac8 21. Bf5 c5 22. Bxd7 1-0

[Event "IECG QN.2000.0.00137"]
[Site "IECG email"]
[Date "2000.08.30"]
[Round "?"]
[White "McKenzie, Duncan"]
[Black "Cardoso, Jean Paul"]
[Result "1-0"]
[WhiteElo "800"]
[BlackElo "800"]
[PlyCount "51"]
[EventDate "2000.08.30"]
[EventType "tourn (corr)"]
[EventRounds "6"]
[SourceTitle "Corr 2008"]
[Source "ChessBase"]
[SourceDate "2008.06.24"]
[SourceVersion "1"]
[SourceVersionDate "2008.06.24"]
[SourceQuality "1"]

1. d4 e6 2. e4 Nf6 3. e5 Ne4 4. Bd3 d5 5. Nh3 Nc6 6. c3 Qh4 7. 0-0 Be7 8. f3 Ng5 9. Nxg5 Bxg5 10. Bxg5 Qxg5 11. f4 Qh4 12. Rf3 Ne7 13. Qf1 Ng6 14. Nd2 0-0 15. Re1 Bd7 16. g3 Qh5 17. Qg2 b6 18. Ref1 c5 19. g4 Qh4 20. Rh3 Qd8 21. f5 exf5 22. gxf5 c4 23. Bb1 Ne7 24. e6 f6 25. Rf4 Be8 26. Rxh7 1-0

[Event "IECG QN.2000.0.00130"]
[Site "IECG email"]
[Date "2000.08.02"]
[Round "?"]
[White "McKenzie, Duncan"]
[Black "Reber, Michael"]
[Result "1-0"]
[WhiteElo "800"]
[BlackElo "944"]
[PlyCount "109"]
[EventDate "2000.08.02"]
[EventType "tourn (corr)"]
[EventRounds "6"]
[SourceTitle "Corr 2008"]
[Source "ChessBase"]
[SourceDate "2008.06.24"]
[SourceVersion "1"]
[SourceVersionDate "2008.06.24"]
[SourceQuality "1"]

1. e4 c5 2. Nf3 Nc6 3. d4 cxd4 4. Nxd4 Nf6 5. Nc3 d6 6. Bg5 e6 7. Qd2 a6 8. 0-0-0 h6 9. Nxc6 bxc6 10. Bf4 d5 11. Qe3 Be7 12. Be2 0-0 13. h4 Bb4 14. e5 Nd7 15. Qg3 Kh8 16. Bxh6 gxh6 17. Qf4 Bxc3 18. Qxh6+ Kg8 19. bxc3 Nxe5 20. Rh3 Ra7 21. h5 f5 22. Rg3+ Ng4 23. Bxg4 Rg7 24. Bxf5 Qf6 25. Rxg7+ Qxg7 26. Bxe6+ Bxe6 27. Qxe6+ Kh8 28. Qxc6 Qg5+ 29. Kb1 Qxh5 30. Qxd5 Qxd5 31. Rxd5 Rxf2 32. g4 Kg7 33. Rd6 Rg2 34. Rxa6 Rxg4 35. Kb2 Kf7 36. Kb3 Ke7 37. a4 Kd7 38. c4 Kc7 39. a5 Rg5 40. Kb4 Rg1 41. c3 Rc1 42. Kc5 Kb7 43. Rb6+ Ka7 44. Rb3 Ka6 45. Kb4 Ra1 46. c5 Rxa5 47. c4 Ra2 48. Ra3+ Rxa3 49. Kxa3 Kb7 50. Ka4 Kc6 51. Kb4 Kb7 52. Kb5 Kc7 53. c6 Kb8 54. Kb6 Ka8 55. Kc7 1-0